[Event "Children of Asia"]
[Site "?"]
[Date "2016.07.09"]
[Round "3"]
[White "Tran, Minh Thang"]
[Black "Tagiran, Gilbert Elroy"]
[Result "1-0"]
[WhiteElo "2370"]
[BlackElo "1914"]
[PlyCount "99"]

1. d4 d5 2. c4 c6 3. Nf3 e6 4. e3 Nf6 5. Qc2 Nbd7 6. Nc3 b6 7. Bd3 Bb7 8. O-O
Bd6 9. e4 dxc4 10. Bxc4 e5 11. h3 O-O 12. Be3 c5 13. d5 a6 14. a4 Re8 15. Nd2
Nf8 16. Rfd1 Ng6 17. Bf1 Qc7 18. Nc4 Nd7 19. Rab1 Rac8 20. g3 Rb8 21. f3 Bc8
22. Qf2 Nf6 23. a5 bxa5 24. Nxd6 Qxd6 25. Bxc5 Qd8 26. Ba7 Rb3 27. Kh2 h5 28.
h4 Rb4 29. Bc5 Rb8 30. Ra1 Nf8 31. Ra2 N8h7 32. Be3 Rb3 33. Rda1 Re7 34. Bc4
Rb4 35. b3 Qd7 36. Bc5 Qh3+ 37. Kg1 Rc7 38. Bf1 Qd7 39. Bxb4 axb4 40. Na4 g5
41. Nb6 Qe7 42. Nxc8 Rxc8 43. Rxa6 Rc3 44. Bc4 Ne8 45. d6 Nxd6 46. Qc5 gxh4 47.
Qxd6 Qg5 48. Qg6+ Qxg6 49. Rxg6+ Kf8 50. Ra8+ 1-0

[Event "Children of Asia"]
[Site "?"]
[Date "2016.07.09"]
[Round "3"]
[White "Sezdbekov, Ruslan"]
[Black "Sin, Denis"]
[Result "1/2-1/2"]
[WhiteElo "2043"]
[BlackElo "2214"]
[PlyCount "78"]

1. e4 c5 2. Nf3 d6 3. d4 cxd4 4. Nxd4 Nf6 5. Nc3 g6 6. Be2 Bg7 7. O-O O-O 8.
Be3 Nc6 9. Qd2 Bd7 10. Rad1 a6 11. Kh1 Rc8 12. f4 b5 13. a3 Qc7 14. Bg1 Rfd8
15. Nb3 Qb8 16. Bf3 Bg4 17. Qe2 Bxf3 18. Rxf3 Qc7 19. Rdf1 Rf8 20. Nd5 Qb7 21.
c3 a5 22. Nd2 Nxd5 23. exd5 Nb8 24. Rd3 Rfe8 25. Ne4 Nd7 26. f5 Ne5 27. Rdd1 b4
28. f6 Bxf6 29. Rxf6 exf6 30. Nxd6 Qb8 31. Nxc8 Rxc8 32. axb4 axb4 33. Bd4 bxc3
34. bxc3 Qd6 35. Qe4 Rd8 36. Bf2 Rc8 37. Bd4 Rd8 38. Bf2 Rc8 39. Bd4 Rd8
1/2-1/2

[Event "Children of Asia"]
[Site "?"]
[Date "2016.07.09"]
[Round "3"]
[White "Dubinin, Alexsandr"]
[Black "Kaluarachchi, Achinthya Shamen"]
[Result "0-1"]
[WhiteElo "2121"]
[BlackElo "1876"]
[PlyCount "176"]

1. e4 e6 2. d4 d5 3. e5 c5 4. c3 Nc6 5. Nf3 Bd7 6. Be2 Nge7 7. O-O cxd4 8. cxd4
Nf5 9. Nc3 Be7 10. a3 O-O 11. g4 Nh4 12. Nxh4 Bxh4 13. f4 f6 14. exf6 Bxf6 15.
Be3 g6 16. b4 a6 17. Qd2 Bg7 18. Bf3 Rc8 19. Ne2 Ne7 20. Ng3 Qb6 21. Rfc1 Bb5
22. Rc5 Rxc5 23. bxc5 Qc7 24. Re1 Bc6 25. Be2 Qd7 26. Rb1 Nc8 27. Qc3 Na7 28.
Rf1 Bb5 29. h3 Bc6 30. Bd3 Nb5 31. Qb2 Qe7 32. Kh2 Qxc5 33. dxc5 Bxb2 34. a4
Nc7 35. f5 exf5 36. gxf5 Kg7 37. fxg6 Rxf1 38. Nh5+ Kf8 39. Bxf1 hxg6 40. Nf4
Be5 41. Kg1 Kf7 42. Nd3 Bc3 43. Bf4 Ne6 44. Bg2 Bd4+ 45. Kf1 Nxc5 46. Nb4 Ke6
47. Nxc6 bxc6 48. a5 Nb3 49. h4 Nxa5 50. Bh3+ Ke7 51. Bc8 Bf6 52. Bg3 c5 53.
Bxa6 c4 54. Ke2 Nc6 55. Bb7 Kd7 56. Kd2 c3+ 57. Kc2 Nb4+ 58. Kc1 d4 59. Be4 d3
60. Bf4 c2 61. Kd2 Bb2 62. Ke1 c1=Q+ 63. Bxc1 Bxc1 64. Bxg6 d2+ 65. Ke2 Ke7 66.
Be4 Kf6 67. Bf3 Nc2 68. Kf2 Nd4 69. Bd1 Nf5 70. h5 Kg5 71. Kf3 Kxh5 72. Kf4+
Kg6 73. Ke4 Kg5 74. Kf3 Nd6 75. Ke3 Kh4 76. Kf4 Kh3 77. Kf3 Kh2 78. Kf2 Ne4+
79. Kf1 Kg3 80. Kg1 Nc3 81. Bh5 Nd5 82. Bd1 Ne3 83. Be2 Bb2 84. Kh1 Kf2 85. Bh5
Be5 86. Bg4 Ke1 87. Bf3 Nf5 88. Bg4 Nd4 0-1

[Event "Children of Asia"]
[Site "?"]
[Date "2016.07.09"]
[Round "3"]
[White "Kalabukhov, Bogdan"]
[Black "Zakharov, Nikolay"]
[Result "1-0"]
[WhiteElo "2133"]
[BlackElo "2026"]
[PlyCount "149"]

1. d4 Nf6 2. c4 e6 3. g3 d5 4. Nf3 Bb4+ 5. Bd2 Be7 6. Bg2 O-O 7. O-O c6 8. Qc2
b6 9. Bf4 Bb7 10. Rd1 Nbd7 11. Ne5 Nxe5 12. dxe5 Nd7 13. cxd5 cxd5 14. e4 dxe4
15. Nc3 Qc7 16. Rac1 Rac8 17. Qe2 Nc5 18. Nxe4 Bxe4 19. Bxe4 Qb8 20. Bg2 Rfd8
21. b4 Nd7 22. Qb2 b5 23. Bc6 Nb6 24. Bxb5 Rxc1 25. Rxc1 Nd5 26. a4 Bxb4 27.
Bg5 Be7 28. Bxe7 Nxe7 29. Qe2 g6 30. h4 Nf5 31. Ba6 Nd4 32. Qe4 Qxe5 33. Qxe5
Nf3+ 34. Kg2 Nxe5 35. Rc5 Rd5 36. Rc8+ Kg7 37. Bb5 Rd2 38. Ra8 Ng4 39. Kf3 h5
40. Rxa7 Rxf2+ 41. Ke4 Rd2 42. a5 Kg8 43. Ra8+ Kg7 44. Ra7 Kg8 45. Ra8+ Kg7 46.
Ra7 Kf8 47. a6 f5+ 48. Kf4 e5+ 49. Kg5 Rd6 50. Ra8+ Kg7 51. a7 Nf2 52. Rg8+ Kh7
53. Rh8+ Kg7 54. Rg8+ Kh7 55. Rxg6 Rxg6+ 56. Kxf5 Rg8 57. Bc6 Nd3 58. a8=Q Rxa8
59. Bxa8 Kh6 60. Be4 Nc5 61. Kxe5 Nd7+ 62. Ke6 Nc5+ 63. Kf5 Nd7 64. Bc2 Nc5 65.
Ke5 Nd7+ 66. Kf4 Nf6 67. Bf5 Kg7 68. Ke5 Ne8 69. Be4 Kf8 70. Bf3 Nc7 71. Bc6
Na6 72. Bb5 Nb4 73. Kf4 Nc2 74. Ke4 Nb4 75. Ba4 1-0

[Event "Children of Asia"]
[Site "?"]
[Date "2016.07.09"]
[Round "4"]
[White "Ergeshov, Timur"]
[Black "Sezdbekov, Arzybek"]
[Result "1-0"]
[WhiteElo "2257"]
[BlackElo "1890"]
[PlyCount "51"]

1. d4 Nf6 2. c4 e6 3. Nc3 d5 4. cxd5 exd5 5. Bg5 Be7 6. e3 c6 7. Bd3 O-O 8. Qc2
h6 9. Bh4 Nbd7 10. Nf3 b6 11. O-O Bb7 12. Rab1 c5 13. Rfd1 Rc8 14. Bf5 g5 15.
Bg3 cxd4 16. Nxd4 a6 17. h4 Rc5 18. Bxd7 Qxd7 19. Nf5 Ng4 20. f3 gxh4 21. Bf4
Nf6 22. Bxh6 Rfc8 23. Nxh4 Ne4 24. Qxe4 Rc4 25. Qf5 Qc6 26. Bg5 1-0

[Event "Children of Asia"]
[Site "?"]
[Date "2016.07.09"]
[Round "4"]
[White "Bold, Khosbayar"]
[Black "Nguyen, Dang Hong Phuc"]
[Result "0-1"]
[WhiteElo "1768"]
[BlackElo "2147"]
[PlyCount "82"]

1. e4 c5 2. Nf3 d6 3. d4 cxd4 4. Nxd4 Nf6 5. Nc3 a6 6. Be3 e6 7. a4 b6 8. Bd3
Qc7 9. O-O Bb7 10. f4 Be7 11. Qf3 O-O 12. Qg3 Nbd7 13. Kh1 Nc5 14. Qf3 Rfd8 15.
Rad1 Qd7 16. b4 Nxa4 17. Nxa4 Qxa4 18. Qg3 Bxe4 19. Bxe4 Nxe4 20. Qf3 d5 21. f5
e5 22. f6 Bxf6 23. Nf5 Qxb4 24. Rb1 Qc4 25. Rxb6 Rab8 26. Nh6+ Kf8 27. Rxf6
Nxf6 28. Bg5 Rb6 29. Nf5 Qe4 30. Qf2 Rdb8 31. Qc5+ Kg8 32. Ne7+ Kh8 33. Bxf6
Rxf6 34. Rg1 Qd4 35. Qxd4 exd4 36. Nxd5 Rf2 37. c4 Rc8 38. Nb6 Rc6 39. Re1 h5
40. Kg1 Rb2 41. Re8+ Kh7 0-1

[Event "Children of Asia"]
[Site "?"]
[Date "2016.07.09"]
[Round "4"]
[White "Bezotechestvo, Konstantin"]
[Black "Sezdbekov, Ruslan"]
[Result "0-1"]
[WhiteElo "2117"]
[BlackElo "2043"]
[PlyCount "68"]

1. d4 Nf6 2. c4 e6 3. g3 d5 4. Bg2 Be7 5. Nf3 O-O 6. O-O Nbd7 7. Qc2 c5 8. cxd5
exd5 9. Nc3 b6 10. Bf4 Bb7 11. Rfd1 Rc8 12. Rac1 Re8 13. Qb1 Nf8 14. e4 Ng6 15.
e5 Nd7 16. Qf5 Nxf4 17. gxf4 Nf8 18. dxc5 bxc5 19. Ng5 Bxg5 20. Bxd5 Bxd5 21.
Rxd5 Qb6 22. Qxg5 Ne6 23. Qg4 Qxb2 24. Rdd1 Rcd8 25. Ne4 Kh8 26. Nd6 Re7 27.
Rb1 Qc3 28. Rb3 Qc2 29. f5 Ng5 30. Re3 f6 31. e6 g6 32. Rd5 Qxa2 33. Qh4 Qxd5
34. Qh6 Kg8 0-1

[Event "Children of Asia"]
[Site "?"]
[Date "2016.07.09"]
[Round "4"]
[White "Kazimov, Farhan"]
[Black "Herath, Nipuna B B"]
[Result "1-0"]
[WhiteElo "1831"]
[BlackElo "1602"]
[PlyCount "71"]

1. e4 e6 2. d4 d5 3. exd5 exd5 4. Bd3 Bd6 5. Nf3 Ne7 6. O-O Nbc6 7. c3 Bg4 8.
Re1 Qd7 9. Nbd2 f6 10. b4 O-O 11. Qc2 Bf5 12. Nf1 Bxd3 13. Qxd3 Ng6 14. Bd2
Rae8 15. Qb5 Bf4 16. Bxf4 Nxf4 17. Qxb7 Rxe1 18. Rxe1 Rb8 19. Qa6 Rb6 20. Qa3
Qg4 21. Ne3 Qg6 22. Kh1 Nd3 23. Rf1 Qe4 24. Kg1 Nf4 25. b5 Rxb5 26. Qa6 Rb6 27.
Qc8+ Kf7 28. Qxc7+ Kg8 29. Qc8+ Kf7 30. Qd7+ Kf8 31. Nf5 Ne2+ 32. Kh1 Qb1 33.
Qxg7+ Ke8 34. Qg8+ Kd7 35. Qxh7+ Kc8 36. Nd6+ 1-0

[Event "Children of Asia"]
[Site "?"]
[Date "2016.07.09"]
[Round "4"]
[White "Kaluarachchi, Achinthya Shamen"]
[Black "Kalabukhov, Bogdan"]
[Result "1/2-1/2"]
[WhiteElo "1876"]
[BlackElo "2133"]
[PlyCount "81"]

1. d4 d5 2. c4 e6 3. Nc3 c6 4. cxd5 exd5 5. Qc2 Ne7 6. Nf3 Bf5 7. Qb3 Qb6 8.
Na4 Qxb3 9. axb3 Nd7 10. e3 Ng6 11. Nd2 Bb4 12. Be2 Bc2 13. Nc3 O-O 14. O-O f5
15. Bd1 Bxd1 16. Rxd1 a6 17. g3 Ne7 18. Nf3 h6 19. h4 Kf7 20. Kg2 g6 21. Bd2
Bd6 22. Ne2 Kf6 23. Rh1 Rh8 24. Bc3 Nc8 25. Nc1 Na7 26. Nd3 Nb5 27. Bb4 Bc7 28.
Ba5 Bd6 29. Bb4 Bxb4 30. Nxb4 Nd6 31. Nd3 Nf7 32. b4 g5 33. Nd2 g4 34. Nc5 Nxc5
35. bxc5 Nd8 36. Rhc1 Ne6 37. Rc3 Nc7 38. Rb3 Nb5 39. Nb1 Rae8 40. Nc3 Nxc3 41.
Rxc3 1/2-1/2

[Event "Children of Asia"]
[Site "?"]
[Date "2016.07.09"]
[Round "4"]
[White "Spiridonov, Vladislav"]
[Black "Dubinin, Alexsandr"]
[Result "0-1"]
[WhiteElo "1700"]
[BlackElo "2121"]
[PlyCount "82"]

1. e4 c5 2. Nf3 Nc6 3. d4 cxd4 4. Nxd4 Nf6 5. Nc3 d6 6. Bg5 Bd7 7. Bc4 Qa5 8.
Bxf6 gxf6 9. O-O Rg8 10. g3 Qc5 11. Nxc6 Qxc4 12. Na5 Qc5 13. Qd5 Qxd5 14. Nxd5
b6 15. Nc4 Rc8 16. Nce3 Bg7 17. Nf5 Bxf5 18. exf5 e6 19. Ne3 Bh6 20. f4 d5 21.
c3 Bf8 22. Kf2 Bc5 23. Rfd1 Rd8 24. b4 Bxe3+ 25. Kxe3 h5 26. Kd4 Rc8 27. Re1
Kd7 28. fxe6+ fxe6 29. f5 Rg4+ 30. Kd3 e5 31. a4 Rgc4 32. Ra3 Kd6 33. Rb3 e4+
34. Kd2 Ke5 35. Rf1 d4 36. cxd4+ Kxd4 37. Rb2 e3+ 38. Ke2 Rc2+ 39. Rxc2 Rxc2+
40. Kf3 Kd3 41. h4 Kd2 0-1

[Event "Children of Asia"]
[Site "?"]
[Date "2016.07.09"]
[Round "4"]
[White "Sin, Denis"]
[Black "Koniahli, Malek"]
[Result "1-0"]
[WhiteElo "2214"]
[BlackElo "1958"]
[PlyCount "103"]

1. d4 Nf6 2. c4 e6 3. Nf3 d5 4. Nc3 c6 5. e3 Nbd7 6. b3 Bb4 7. Bd2 O-O 8. Bd3
Qe7 9. Ne2 Bxd2+ 10. Qxd2 e5 11. dxe5 Nxe5 12. Nxe5 Qxe5 13. O-O Be6 14. cxd5
Bxd5 15. Qc3 Qg5 16. Ng3 Rfe8 17. Rad1 Qe5 18. Qxe5 Rxe5 19. e4 Be6 20. f4 Ra5
21. Rd2 Rd8 22. Rfd1 Kf8 23. e5 Ng4 24. Be4 Rxd2 25. Rxd2 g5 26. fxg5 Rxe5 27.
h3 Ne3 28. Kf2 Nd5 29. h4 Kg8 30. Bf3 Nf4 31. Ne4 Nd5 32. g4 Kg7 33. Kg3 Ne3
34. Kf4 Nxg4 35. Bxg4 Rxe4+ 36. Kxe4 Bxg4 37. Rd8 Be6 38. Rb8 b5 39. Ra8 c5 40.
Rxa7 c4 41. bxc4 Bxc4 42. a3 h6 43. Kf4 h5 44. Rc7 Bf1 45. Rc6 Bd3 46. Ke3 Bf1
47. Rh6 Bc4 48. Rxh5 f6 49. gxf6+ Kxf6 50. Kd4 Be2 51. Rg5 Bf1 52. Kc5 1-0

[Event "Children of Asia"]
[Site "?"]
[Date "2016.07.09"]
[Round "4"]
[White "Gasimov, Parviz"]
[Black "Tran, Minh Thang"]
[Result "0-1"]
[WhiteElo "2358"]
[BlackElo "2370"]
[PlyCount "68"]

1. e4 c5 2. Nf3 e6 3. c3 Nf6 4. Bd3 Nc6 5. Bc2 Be7 6. O-O O-O 7. Re1 d6 8. d4
cxd4 9. cxd4 e5 10. h3 Qb6 11. d5 Nb4 12. Bb3 a5 13. Nc3 Bd7 14. Be3 Qa6 15.
Qd2 Rfc8 16. a3 Nd3 17. Red1 Nc5 18. Bc2 Qc4 19. Qe1 a4 20. Nd2 Qa6 21. f4 exf4
22. Bxf4 Bb5 23. e5 dxe5 24. Qxe5 Re8 25. Nxb5 Qxb5 26. d6 Bf8 27. Qf5 Qxb2 28.
Bg5 Qe5 29. Bxf6 Qxf5 30. Bxf5 gxf6 31. Nc4 Red8 32. d7 Nb3 33. Ra2 Bc5+ 34.
Kf1 Nd4 0-1

[Event "Children of Asia"]
[Site "?"]
[Date "2016.07.09"]
[Round "4"]
[White "Miciano, Jonh Marvin"]
[Black "Sylyev, Nedir"]
[Result "1/2-1/2"]
[WhiteElo "2251"]
[BlackElo "1855"]
[PlyCount "150"]

1. e4 Nf6 2. e5 Nd5 3. Nc3 Nxc3 4. dxc3 d5 5. c4 e6 6. Nf3 Be7 7. Be2 O-O 8.
O-O c5 9. c3 b6 10. Qc2 Qc7 11. cxd5 exd5 12. c4 dxc4 13. Bxc4 Nc6 14. Qe4 Bb7
15. Qf4 Nb4 16. Qg3 Kh8 17. Bf4 Bd5 18. e6 Qb7 19. Bxd5 Nxd5 20. exf7 Nxf4 21.
Qxf4 Bf6 22. Ne5 Bxe5 23. Qxe5 Qxf7 24. b3 Rae8 25. Qb2 h6 26. Rad1 Re7 27.
Rfe1 Rfe8 28. Rxe7 Qxe7 29. h3 Qe2 30. Rd2 Qe7 31. Qc2 Qe1+ 32. Kh2 Qe5+ 33. g3
Qe6 34. Qd3 Re7 35. h4 Rf7 36. Re2 Qc6 37. f4 Qd7 38. Qe3 Rf6 39. Qe8+ Qxe8 40.
Rxe8+ Kh7 41. Re7 a5 42. Kh3 Kg6 43. h5+ Kh7 44. Kg4 Rd6 45. Rb7 Rc6 46. Kf3 c4
47. bxc4 Rxc4 48. Rxb6 Rc2 49. a4 Rc4 50. Ra6 Rxa4 51. Ra7 Ra1 52. Kg4 Ra3 53.
Ra8 Ra1 54. Kf5 a4 55. Ke4 a3 56. Kf5 Rh1 57. g4 Ra1 58. Ra6 Ra2 59. Ra7 Ra1
60. Ra8 a2 61. Ra6 Rb1 62. Rxa2 Rb5+ 63. Ke4 Rb4+ 64. Kf3 Rb3+ 65. Kg2 Rc3 66.
Rf2 Kg8 67. Rf3 Rc2+ 68. Kg3 Rc5 69. Rd3 Kf7 70. Kf3 Ra5 71. Ke4 Ke6 72. Rb3
Ra4+ 73. Ke3 Rc4 74. Rb6+ Kf7 75. Rd6 Ra4 1/2-1/2

[Event "Children of Asia"]
[Site "?"]
[Date "2016.07.09"]
[Round "4"]
[White "Mestnikov, Aital"]
[Black "Mestnikov, Aisen"]
[Result "1/2-1/2"]
[WhiteElo "2125"]
[BlackElo "2135"]
[PlyCount "24"]

1. e4 e5 2. Nf3 Nc6 3. Bb5 a6 4. Ba4 Nf6 5. O-O Be7 6. Re1 b5 7. Bb3 O-O 8. h3
d6 9. c3 Na5 10. Bc2 c5 11. d4 Nc6 12. d5 Na5 1/2-1/2

[Event "Children of Asia"]
[Site "?"]
[Date "2016.07.09"]
[Round "4"]
[White "Mohammad Fahad, Rakhman"]
[Black "Arfan, Aditya Bagus"]
[Result "0-1"]
[WhiteElo "2156"]
[BlackElo "1398"]
[PlyCount "174"]

1. c4 Nf6 2. Nc3 g6 3. e4 d6 4. d4 Bg7 5. Nf3 O-O 6. Be2 e5 7. O-O Nc6 8. d5
Ne7 9. Ne1 Nd7 10. Nd3 f5 11. f3 f4 12. Bd2 g5 13. Rc1 Ng6 14. c5 Nf6 15. Nb5
Rf7 16. Nf2 Bf8 17. cxd6 cxd6 18. Qb3 Rg7 19. Rc3 g4 20. fxg4 Nh4 21. h3 h5 22.
g3 hxg4 23. gxh4 g3 24. Nh1 g2 25. Nf2 gxf1=Q+ 26. Kxf1 a6 27. Na3 Nd7 28. Qc2
b5 29. b4 Nb6 30. h5 Na4 31. Rb3 Qg5 32. Ng4 Bxg4 33. Bxg4 Qd8 34. Qd1 Be7 35.
Rb1 Qb6 36. Qe2 Bg5 37. Be1 Rf8 38. Qf3 Kh8 39. Bf5 Bh6 40. Bf2 Qc7 41. Be1
Rxf5 42. exf5 Qf7 43. Qd3 Nb6 44. Rc1 Qxd5 45. Rc8+ Kh7 46. Qxd5 Nxd5 47. Nc2
Ne7 48. Rf8 Rg1+ 49. Kxg1 Bxf8 50. f6 Nd5 51. Bh4 Kh6 52. Ne1 Kxh5 53. Bf2 Nxb4
54. Bb6 Kg6 55. Bd8 Nc6 56. Bc7 Kxf6 57. Nf3 e4 58. Nh2 Kg5 59. Ng4 a5 60. Kf2
b4 61. Ke2 a4 62. Nf2 d5 63. h4+ Kxh4 64. Bxf4 Bc5 65. Nd1 Kg4 66. Be3 d4 67.
Nf2+ Kf5 68. Bc1 d3+ 69. Nxd3 exd3+ 70. Kxd3 Ne5+ 71. Kc2 Ke4 72. Bg5 Bd4 73.
Be7 Nc6 74. Bf8 Bf6 75. Bc5 Kd5 76. Be3 Kc4 77. Bc1 Bc3 78. Kb1 Kd3 79. Bg5 Ne5
80. Be7 Nc4 81. Kc1 Ne3 82. Bc5 Nd5 83. Bf8 a3 84. Kb1 Bd4 85. Bh6 Bb2 86. Bd2
Nc3+ 87. Bxc3 Bxc3 0-1

[Event "Children of Asia"]
[Site "?"]
[Date "2016.07.09"]
[Round "4"]
[White "Tagiran, Gilbert Elroy"]
[Black "Garidmagnai, Byambasuren"]
[Result "1-0"]
[WhiteElo "1914"]
[BlackElo "2185"]
[PlyCount "109"]

1. d4 Nf6 2. Nf3 g6 3. g3 Bg7 4. Bg2 O-O 5. O-O d6 6. c4 Nc6 7. d5 Na5 8. Nfd2
c5 9. Nc3 a6 10. Qc2 Rb8 11. b3 b5 12. Bb2 Nd7 13. Rab1 Ne5 14. Nd1 f5 15. f4
Ng4 16. Bxg7 Kxg7 17. h3 Nf6 18. Nf2 e6 19. dxe6 Bxe6 20. cxb5 axb5 21. Nf3 h6
22. Rbd1 Qe7 23. Rfe1 d5 24. Ne5 Rbc8 25. g4 c4 26. Qc3 b4 27. Qg3 cxb3 28.
axb3 fxg4 29. hxg4 Nc6 30. Nfd3 Ne4 31. Qe3 Nxe5 32. Nxe5 Nc3 33. Qd3 Rf6 34.
Ra1 Bf7 35. e3 Qc5 36. Kh2 Rc7 37. Ra8 g5 38. Rf1 gxf4 39. exf4 Bg6 40. Qh3 Rf8
41. Ra6 Rf6 42. Ra8 Rf8 43. Ra6 Rf6 44. Rxf6 Kxf6 45. g5+ hxg5 46. Nd7+ Rxd7
47. Qxd7 g4 48. Qxg4 Ne4 49. Ra1 Qb6 50. Ra8 Qb7 51. Qh4+ Ke6 52. Rd8 Bf5 53.
Qh6+ Nf6 54. Bxd5+ Ke7 55. Qf8# 1-0

[Event "detiasii2b"]
[Site "?"]
[Date "2016.07.09"]
[Round "3.1"]
[White "Nguyen, Dang Hong Phuc"]
[Black "Gasimov, Parviz"]
[Result "*"]
[BlackElo "2358"]
[WhiteElo "2147"]
[LiveChessVersion "1.4.8"]

1. d4 {[%clk 1:30:55]} d5 {[%clk 1:30:46]} 2. Nf3 {[%clk 1:31:24]} Nf6
{[%clk 1:31:05]} 3. c4 {[%clk 1:31:44]} c6 {[%clk 1:31:11]} 4. Qb3
{[%clk 1:32:13]} dxc4 {[%clk 1:31:13]} 5. Qxc4 {[%clk 1:32:42]} Bg4
{[%clk 1:31:31]} 6. Nbd2 {[%clk 1:33:06]} Nbd7 {[%clk 1:31:29]} 7. g3
{[%clk 1:33:36]} e6 {[%clk 1:31:26]} 8. Bg2 {[%clk 1:34:04]} Be7 {[%clk 1:31:44]}
9. O-O {[%clk 1:34:33]} O-O {[%clk 1:31:26]} 10. Ne5 {[%clk 1:35:02]} Bh5
{[%clk 1:31:11]} 11. Nxd7 {[%clk 1:35:30]} Nxd7 {[%clk 1:31:14]} 12. Nb3
{[%clk 1:33:29]} a5 {[%clk 1:30:54]} 13. a4 {[%clk 1:33:58]} Bb4 {[%clk 1:30:26]}
14. Rd1 {[%clk 1:21:53]} e5 {[%clk 1:16:16]} *

[Event "detiasii2b"]
[Site "?"]
[Date "2016.07.09"]
[Round "3.2"]
[White "Tran, Minh Thang"]
[Black "Tarigan, Gilbert Elroy"]
[Result "*"]
[BlackElo "1914"]
[WhiteElo "2370"]
[LiveChessVersion "1.4.8"]

1. d4 {[%clk 1:30:57]} d5 {[%clk 1:25:10]} 2. c4 {[%clk 1:31:18]} c6
{[%clk 1:24:28]} 3. Nf3 {[%clk 1:31:40]} e6 {[%clk 1:24:05]} 4. e3
{[%clk 1:31:21]} Nf6 {[%clk 1:23:58]} 5. Qc2 {[%clk 1:31:20]} Nbd7
{[%clk 1:21:46]} 6. Nc3 {[%clk 1:31:10]} b6 {[%clk 1:19:50]} 7. Bd3
{[%clk 1:30:22]} Bb7 {[%clk 1:20:10]} 8. O-O {[%clk 1:30:03]} Bd6
{[%clk 1:19:39]} 9. e4 {[%clk 1:25:33]} dxc4 {[%clk 1:13:49]} 10. Bxc4
{[%clk 1:25:47]} e5 {[%clk 1:14:09]} 11. h3 {[%clk 1:16:16]} O-O {[%clk 1:12:48]}
12. Be3 {[%clk 1:14:34]} c5 {[%clk 1:02:58]} *

[Event "detiasii2b"]
[Site "?"]
[Date "2016.07.09"]
[Round "3.3"]
[White "Garidmagnai, Byambasuren"]
[Black "Miciano, John Marvin"]
[Result "*"]
[BlackElo "2251"]
[WhiteElo "2185"]
[LiveChessVersion "1.4.8"]

1. d4 {[%clk 1:30:58]} Nf6 {[%clk 1:30:40]} 2. c4 {[%clk 1:31:25]} g6
{[%clk 1:30:42]} 3. Nc3 {[%clk 1:31:52]} Bg7 {[%clk 1:29:46]} 4. e4
{[%clk 1:32:15]} O-O {[%clk 1:29:47]} 5. Be2 {[%clk 1:32:36]} d6 {[%clk 1:28:32]}
6. Nf3 {[%clk 1:32:45]} e5 {[%clk 1:28:05]} 7. Be3 {[%clk 1:32:37]} exd4
{[%clk 1:19:21]} 8. Nxd4 {[%clk 1:31:48]} Re8 {[%clk 1:19:38]} 9. f3
{[%clk 1:31:20]} c6 {[%clk 1:19:56]} 10. Nc2 {[%clk 1:26:57]} d5 {[%clk 1:13:46]}
11. cxd5 {[%clk 1:18:39]} cxd5 {[%clk 1:13:54]} 12. exd5 {[%clk 1:09:01]} Bf5
{[%clk 1:14:02]} 13. Bf2 {[%clk 1:08:07]} Bxc2 {[%clk 1:09:36]} 14. Qxc2
{[%clk 1:08:30]} Nxd5 {[%clk 1:09:21]} 15. Nxd5 {[%clk 1:05:04]} Qxd5
{[%clk 1:09:38]} 16. O-O {[%clk 1:05:11]} *

[Event "detiasii2b"]
[Site "?"]
[Date "2016.07.09"]
[Round "3.4"]
[White "Sezdbekov, Ruslan"]
[Black "Sin, Denis"]
[Result "*"]
[BlackElo "2214"]
[WhiteElo "2043"]
[LiveChessVersion "1.4.8"]

1. e4 {[%clk 1:30:53]} c5 {[%clk 1:30:53]} 2. Nf3 {[%clk 1:31:13]} d6
{[%clk 1:31:17]} 3. d4 {[%clk 1:30:01]} cxd4 {[%clk 1:31:43]} 4. Nxd4
{[%clk 1:30:27]} Nf6 {[%clk 1:32:09]} 5. Nc3 {[%clk 1:30:50]} g6 {[%clk 1:32:35]}
6. Be2 {[%clk 1:30:50]} Bg7 {[%clk 1:32:59]} 7. O-O {[%clk 1:31:02]} O-O
{[%clk 1:33:24]} 8. Be3 {[%clk 1:30:53]} Nc6 {[%clk 1:33:49]} 9. Qd2
{[%clk 1:30:48]} Bd7 {[%clk 1:34:14]} 10. Rad1 {[%clk 1:29:18]} a6
{[%clk 1:34:39]} 11. Kh1 {[%clk 1:27:30]} Rc8 {[%clk 1:34:18]} 12. f4
{[%clk 1:27:29]} b5 {[%clk 1:32:34]} 13. a3 {[%clk 1:26:58]} Qc7 {[%clk 1:32:58]}
14. Bg1 {[%clk 1:08:42]} Rfd8 {[%clk 1:24:16]} 15. Nb3 {[%clk 1:02:29]} *

[Event "detiasii2b"]
[Site "?"]
[Date "2016.07.09"]
[Round "3.5"]
[White "Bold, Khosbayar"]
[Black "Mestnikov, Aital"]
[Result "1-0"]
[BlackElo "2125"]
[WhiteElo "1768"]
[LiveChessVersion "1.4.8"]

1. e4 {[%clk 1:30:56]} e5 {[%clk 1:30:53]} 2. Nf3 {[%clk 1:31:15]} Nc6
{[%clk 1:31:20]} 3. Bb5 {[%clk 1:31:34]} a6 {[%clk 1:31:43]} 4. Ba4
{[%clk 1:31:59]} Nf6 {[%clk 1:32:08]} 5. d3 {[%clk 1:30:47]} b5 {[%clk 1:32:03]}
6. Bb3 {[%clk 1:31:11]} Be7 {[%clk 1:32:17]} 7. Nc3 {[%clk 1:30:10]} d6
{[%clk 1:32:15]} 8. a3 {[%clk 1:30:12]} Bg4 {[%clk 1:32:11]} 9. Be3
{[%clk 1:29:58]} O-O {[%clk 1:26:47]} 10. h3 {[%clk 1:28:02]} Bh5
{[%clk 1:26:57]} 11. g4 {[%clk 1:28:00]} Bg6 {[%clk 1:27:21]} 12. Rg1
{[%clk 1:27:30]} Qd7 {[%clk 1:24:12]} 13. Nd5 {[%clk 1:26:22]} Na5
{[%clk 1:20:09]} 14. Nxf6+ {[%clk 1:25:43]} Bxf6 {[%clk 1:20:35]} 15. Ba2
{[%clk 1:25:38]} Nc6 {[%clk 1:02:49]} 16. g5 {[%clk 1:21:38]} Be7
{[%clk 0:59:43]} 17. Nh4 {[%clk 1:21:45]} 1-0

[Event "detiasii2b"]
[Site "?"]
[Date "2016.07.09"]
[Round "3.6"]
[White "Sylyev, Nedir"]
[Black "Ergeshov, Timur"]
[Result "*"]
[BlackElo "2257"]
[WhiteElo "1855"]
[LiveChessVersion "1.4.8"]

1. e4 c5 {[%clk 1:28:12]} 2. Nf3 {[%clk 1:31:21]} d6 {[%clk 1:28:37]} 3. d4
{[%clk 1:31:46]} cxd4 {[%clk 1:29:02]} 4. Nxd4 {[%clk 1:32:11]} Nf6
{[%clk 1:29:23]} 5. Nc3 {[%clk 1:32:35]} a6 {[%clk 1:29:46]} 6. Be2
{[%clk 1:32:48]} e5 {[%clk 1:30:09]} 7. Nb3 {[%clk 1:33:11]} Be6 {[%clk 1:30:30]}
8. Be3 {[%clk 1:33:20]} h5 {[%clk 1:30:26]} 9. f3 {[%clk 1:31:33]} Nbd7
{[%clk 1:30:41]} 10. O-O {[%clk 1:31:53]} Be7 {[%clk 1:30:59]} 11. a4
{[%clk 1:31:53]} Rc8 {[%clk 1:31:16]} 12. Qd2 {[%clk 1:31:30]} O-O
{[%clk 1:31:36]} 13. Rfd1 {[%clk 1:31:33]} Qc7 {[%clk 1:31:51]} 14. Rac1
{[%clk 1:26:40]} Rfd8 {[%clk 1:32:06]} 15. Nd5 {[%clk 1:24:15]} Bxd5
{[%clk 1:31:52]} 16. exd5 {[%clk 1:24:43]} Nb6 {[%clk 1:31:21]} 17. Bxb6
{[%clk 1:14:23]} Qxb6+ {[%clk 1:31:45]} 18. Kh1 {[%clk 1:14:39]} h4
{[%clk 1:27:35]} 19. a5 {[%clk 1:11:01]} Qa7 {[%clk 1:26:17]} 20. Bf1
{[%clk 1:03:08]} Nh5 {[%clk 1:24:44]} 21. Re1 {[%clk 1:00:48]} f5
{[%clk 1:24:11]} 22. Nd4 {[%clk 0:57:57]} *

[Event "detiasii2b"]
[Site "?"]
[Date "2016.07.09"]
[Round "4.3"]
[White "Miciano, John Marvin"]
[Black "Sylyev, Nedir"]
[Result "1/2-1/2"]
[BlackElo "1855"]
[WhiteElo "2251"]
[LiveChessVersion "1.4.8"]

1. e4 {[%clk 1:30:23]} Nf6 {[%clk 1:30:52]} 2. e5 {[%clk 1:30:36]} Nd5
{[%clk 1:31:21]} 3. Nc3 {[%clk 1:30:46]} Nxc3 {[%clk 1:31:42]} 4. dxc3
{[%clk 1:31:03]} d5 {[%clk 1:32:01]} 5. c4 {[%clk 1:29:37]} e6 {[%clk 1:31:25]}
6. Nf3 {[%clk 1:28:58]} Be7 7. Be2 {[%clk 1:28:34]} O-O {[%clk 1:32:08]} 8. O-O
{[%clk 1:28:13]} c5 {[%clk 1:31:59]} 9. c3 {[%clk 1:27:11]} b6 {[%clk 1:30:52]}
10. Qc2 {[%clk 1:20:11]} Qc7 {[%clk 1:18:01]} 11. cxd5 {[%clk 1:11:11]} exd5
{[%clk 1:18:12]} 12. c4 {[%clk 1:11:14]} dxc4 {[%clk 1:15:00]} 13. Bxc4
{[%clk 1:11:22]} Nc6 {[%clk 1:15:07]} 14. Qe4 {[%clk 1:01:46]} 1/2-1/2